Fetty Wap Charting Songs (Billboard Hot 100) - Statistics

General Stats
  • This quiz has been taken 137 times
  • The average score is 5 of 13
Answer Stats
Album Weeks On Peak Artist(s) Song % Correct
Fetty Wap 53 Weeks #2 Fetty Wap Trap Queen
88%
Fetty Wap 40 Weeks #4 Fetty Wap ft. Remy Boyz 679
83%
Fetty Wap 27 Weeks #33 Fetty Wap Again
66%
Fetty Wap 22 Weeks #7 Fetty Wap ft. Monty My Way
65%
DAY69 8 Weeks #43 6ix9ine ft. Fetty Wap & A Boogie wit Da Hoodie KEKE
39%
Fetty Wap 14 Weeks #57 Fetty Wap RGF Island
30%
Professional Rapper 19 Weeks #71 Lil Dicky ft. Rich Homie Quan & Fetty Wap $ave Dat Money
28%
7/27 18 Weeks #24 Fifth Harmony ft. Fetty Wap All In My Head (Flex)
24%
Fetty Wap 6 Weeks #86 Fetty Wap ft. Monty Jugg
22%
Summer in the Winter 14 Weeks #57 Kid Ink ft. Fetty Wap Promise
22%
Non-Album Single 13 Weeks #50 Fetty Wap Wake Up
21%
Non-Album Single 11 Weeks #65 Fetty Wap Jimmy Choo
11%
Listen Again 6 Weeks #76 David Guetta ft. Sia & Fetty Wap Bang My Head
10%
No matching quizzes found
Score Distribution
Percent of People with Each Score
Percentile by Number Answered
Your Score History
You have not taken this quiz